| 000 | 01364nam a22003015a 4500 | ||
|---|---|---|---|
| 003 | OSt | ||
| 005 | 20170409131602.0 | ||
| 008 | 170409s2009 ua frb 000 0 ara d | ||
| 015 | _a2009 / 2816 | ||
| 020 | _a9789770459395 | ||
| 040 |
_aEG-ScBUE _bara _cEG-ScBUE |
||
| 043 |
_af-ua--- _ae-fr--- _aa-jo--- |
||
| 082 | 0 | 4 |
_a344.04194 _bز ي و _222 |
| 100 | 1 | _aزيود، حمد سلمان سليمان. | |
| 245 | 1 | 2 |
_aالمسؤولية المدنية عن عملية نقل الدم الملوث : _bدراسة مقارنة في الفقه الإسلامي والقانون الوضعي / _cحمد سلمان سليمان الزيود. |
| 246 | 3 | _aالمسئولية المدنية عن عملية نقل الدم الملوث | |
| 260 |
_aالقاهرة : _bدار النهضة العربية، _c2009. |
||
| 300 |
_a733 ص. ؛ _c24 سم. |
||
| 504 | _aيشتمل على إرجاعات ببليوجرافية. | ||
| 650 | 7 |
_aنقل الدم _xقوانين وتشريعات _zمصر. _2BUEsh |
|
| 650 | 7 |
_aنقل الدم _xقوانين وتشريعات _zالأردن. _2BUEsh |
|
| 650 | 7 |
_aنقل الدم _xقوانين وتشريعات _zفرنسا. _2BUEsh |
|
| 650 | 7 |
_aالمسئولية المدنية للأطباء _2BUEsh |
|
| 650 | 7 |
_aنقل الدم (فقه إسلامي) _2BUEsh |
|
| 651 | _2BUEsh | ||
| 653 |
_bLLAAWW _cApril2017 |
||
| 942 | _2ddc | ||
| 999 |
_c24628 _d24600 |
||